[Event "Paracin Winter op"]
[Site "Paracin"]
[Date "2018.02.03"]
[Round "7"]
[White "Kandjolas, Konstantin"]
[Black "Nikolic, Lazar"]
[Result "1-0"]
[WhiteElo "1816"]
[BlackElo "1546"]
[PlyCount "49"]
[EventDate "2018.01.30"]
[EventType "swiss"]
[EventRounds "9"]
[EventCountry "SRB"]
[SourceTitle "CBM 182 Extra"]
[Source "ChessBase"]
[SourceDate "2018.02.23"]
[SourceVersion "1"]
[SourceVersionDate "2018.02.23"]
[SourceQuality "1"]

1. d4 Nf6 2. Bf4 d5 3. e3 e6 4. Bd3 c5 5. c3 Bd6 6. Bg3 Nc6 7. Nf3 0-0 8. Nbd2 Re8 9. 0-0 Bxg3 10. hxg3 Bd7 11. Re1 c4 12. Bc2 Rb8 13. e4 h6 14. b3 b5 15. b4 Bc8 16. a4 a6 17. e5 Nh7 18. Nh4 Bd7 19. f4 Na7 20. a5 g6 21. Kf2 Kf8 22. Rh1 Ke7 23. Bxg6 Nf8 24. Bc2 Bc6 25. Qh5 1-0